| 000 | 01116nam0a22002891 4500 | ||
|---|---|---|---|
| 001 | RU\NLR\INFOCOMM_161\5000084336 | ||
| 005 | 20250613100219.0 | ||
| 010 |
_96080 экз. _a5-01-001261-8 |
||
| 035 | _a(NLR Aleph) 009333322 | ||
| 090 |
_a9467044 _c9467044 |
||
| 100 | _a20101015d1989 |||y0rusy50 ca | ||
| 101 | 1 |
_aspa _crus |
|
| 102 | _aRU | ||
| 105 | _ay ||||000|y | ||
| 200 | 1 |
_aLa seguridad económica internacional y los países en desarrollo _fLora Fediákina _g[Trad. del ruso por Elena Glazátova] |
|
| 210 |
_aM. _cProgreso _d1989 |
||
| 215 |
_a392 с. _d21 см |
||
| 300 | _aНа обороте тит. л.: Международная экономическая безопасность и развивающиеся страны / Л. Федякина | ||
| 606 |
_aЭкономическая безопасность, международная _2nlr_sh1 |
||
| 686 |
_aУ58 _2rubbk |
||
| 700 | 1 |
_9z01790 _aFedjakina _bL. _gLora _4070 |
|
| 790 | 1 |
_9z01700 _aFediákina _bL. _gLora _4070 |
|
| 801 | 1 |
_aRU _bNLR _c20101015 |
|
| 801 | 0 |
_aRU _bNLR _gPSBO |
|
| 852 |
_aNLR _jЭк21 Д-3/682 |
||
| 942 | _cBOOK | ||
| 980 | _aNB | ||